00890nam a22002297a 45000010005000000030006000050050017000110080041000280200018000690400029000870500014001160820012001301000018001422450067001602600056002273000049002835050008003325200244003405210025005845210020006096500031006294833FISKH20241018114356.0241017b cb ||||| |||| 00| 0 eng d a9781402756610 aFISKHbengcFISKHdFISKH aQL677.A76 a598.153 aArnosky, Jim  aThunder Birds /:b Nature's Flying Predators /cby Jim Arnosky aNew York : bSterling Publishing Co, Inc ;c2011 . a29 pages :bcolor illustrations; c30 cm .  aZ  aThe author describes and identifies winged predators, and explains why there are no feathers on a vulture's head, which bird is the deep-diving champ, and what makes an owl's wings perfectly silent in flight, in a text with fold-out pages.8 a1140 bLexile NC 8 aZ bRaz-Plus  abirds of preyvnon-fiction